Faculty of Law Library — Cairo University

Official Online Catalog

Jugements Du Tribunal Administratif De L'organisation Internationale Du Travail / (Record no. 59770)

MARC details
000 -LEADER
fixed length control field 00947nam a2200289 i 4500
003 - CONTROL NUMBER IDENTIFIER
control field EG-GICUC
005 - DATE AND TIME OF LATEST TRANSACTION
control field 20260128145132.0
008 - FIXED-LENGTH DATA ELEMENTS--GENERAL INFORMATION
fixed length control field 260127s1987 sw ||||fr|||| 000 0 fre d
020 ## - INTERNATIONAL STANDARD BOOK NUMBER
International Standard Book Number 03787370
040 ## - CATALOGING SOURCE
Original cataloging agency EG-GiCUC
Language of cataloging fre
Transcribing agency EG-GiCUC
Modifying agency EG-GiCUC
Description conventions Rda
082 04 - DEWEY DECIMAL CLASSIFICATION NUMBER
Edition number 21
Classification number 341.3
Item number JU
092 04 - LOCALLY ASSIGNED DEWEY CALL NUMBER (OCLC)
Edition number 21
099 ## - LOCAL FREE-TEXT CALL NUMBER (OCLC)
Classification number Law1 11 341.3 JU 1987
245 00 - TITLE STATEMENT
Title Jugements Du Tribunal Administratif De L'organisation Internationale Du Travail /
264 #1 - PRODUCTION, PUBLICATION, DISTRIBUTION, MANUFACTURE, AND COPYRIGHT NOTICE
Place of production, publication, distribution, manufacture Geneve :
Name of producer, publisher, distributor, manufacturer Bureau International Du Travail,
Date of production, publication, distribution, manufacture, or copyright notice 1988.
300 ## - PHYSICAL DESCRIPTION
Extent 876page :
Other physical details illustration ;
Dimensions 24 cm.
336 ## - CONTENT TYPE
Source rda contenu
Content type term texte
337 ## - MEDIA TYPE
Source rda medias
Media type term Ordinateur
338 ## - CARRIER TYPE
Source transporteur rda
Carrier type term Ressource en ligne
504 ## - BIBLIOGRAPHY, ETC. NOTE
Bibliography, etc. note Bibliography: pages 200-250. 240-220
546 ## - LANGUAGE NOTE
Language note Texte en français
650 14 - SUBJECT ADDED ENTRY--TOPICAL TERM
Topical term or geographic name entry element Droit international public
Source of heading or term
651 1# - SUBJECT ADDED ENTRY--GEOGRAPHIC NAME
Source of heading or term
856 40 - ELECTRONIC LOCATION AND ACCESS
Uniform Resource Identifier <a href="https://fll.law.cu.edu.eg/fulltext/bks/B11-05390.pdf">https://fll.law.cu.edu.eg/fulltext/bks/B11-05390.pdf</a>
905 ## - Cataloger and Reviser Names
Cataloger Name: Dina
942 ## - ADDED ENTRY ELEMENTS (KOHA)
Source of classification or shelving scheme Dewey Decimal Classification
Koha item type Books
Edition 21
Suppress in OPAC No
Holdings
Withdrawn status Lost status Source of classification or shelving scheme Damaged status Not for loan Collection Home library Current library Date acquired Total checkouts Full call number Barcode Date last seen Copy number Price effective from Koha item type
    Dewey Decimal Classification   Not for loan القانون الدولي العام جــــامعة القــاهرة مكتبة كلية الحقوق - المبنى الرئيسي 27.01.2026   Law1 11 341.3 JU 1987 1105390 C1 B11-05390 27.01.2026 1 27.01.2026 Books

© All rights reserved — Faculty of Law, Cairo University